LIBRARY & INFORMATION CENTRE, KCAET, TAVANUR

ONLINE PUBLIC ACCESS CATALOGUE (OPAC)

Numerical approach in Agricultural Engineering with objective (Record no. 13639)

MARC details
000 -LEADER
fixed length control field 00427nam a22001697a 4500
003 - CONTROL NUMBER IDENTIFIER
control field OSt
008 - FIXED-LENGTH DATA ELEMENTS--GENERAL INFORMATION
fixed length control field 241129b |||||||| |||| 00| 0 eng d
020 ## - INTERNATIONAL STANDARD BOOK NUMBER
ISBN 9788127265861
082 ## - DEWEY DECIMAL CLASSIFICATION NUMBER
Classification number 630.162
Item number SAN/NU
100 ## - MAIN ENTRY--AUTHOR NAME
Personal name Sanjay Kumar
245 ## - TITLE STATEMENT
Title Numerical approach in Agricultural Engineering with objective
250 ## - EDITION STATEMENT
Edition statement 1
260 ## - PUBLICATION, DISTRIBUTION, ETC. (IMPRINT)
Place of publication Ludhian
Name of publisher Kalyani Publishers
Year of publication 2011
300 ## - PHYSICAL DESCRIPTION
Number of Pages 720
650 ## - SUBJECT ADDED ENTRY--TOPICAL TERM
Topical Term Gate
942 ## - ADDED ENTRY ELEMENTS (KOHA)
Koha item type Books
Holdings
Withdrawn status Lost status Damaged status Collection code Home library Current library Shelving location Date acquired Cost, normal purchase price Full call number Accession Number Koha item type
      Non-fiction KAUAET KAUAET General Stacks 31/03/2012 350.00 630.162 SAN/NU 23188 Books
      Non-fiction KAUAET KAUAET General Stacks 31/03/2012 350.00 630.162 SAN/NU 23189 Books
      Non-fiction KAUAET KAUAET General Stacks 31/03/2012 350.00 630.162 SAN/NU 23190 Books
      Non-fiction KAUAET KAUAET General Stacks 31/03/2012 350.00 630.162 SAN/NU 23191 Books
      Non-fiction KAUAET KAUAET General Stacks 31/03/2012 350.00 630.162 SAN/NU 23192 Books
free website counter